|
|
|
แสดงรายละเอียดบรรณานุกรม |
|
|
Brief Record
: Get Marc (ISO 2709)
: E-mail record
: |
|
|
| LEADER 01174nam 2200277 a 4500 | |||
| 001 29800 | |||
| 003 ULIBM | |||
| 008 030417s2004 caua sb 001 0 eng | |||
| 020 ^a974-406-345-9 | |||
| 082 ^a495.918^bน-ภ | |||
| 100 ^aนันทา ขุนภักดี | |||
| 245 ^aภาษาไทย เพื่อกิจกรรมการแสดง : หนังสือเรียนภาษาไทย รายวิชา ท061/^cนันทา ขุนภักดี | |||
| 260 ^aกรุงเทพฯ:^bอักษรเจริญทัศน์,^c2534 | |||
| 300 ^a117 หน้า | |||
| 650 ^aภาษาไทย, แบบเรียน | |||
| 913 ^aImported by ULIBM Administrator | |||
| 949 ^aImport form external file by ULIBM system | |||
| คุณยังไม่ได้ล็อกอิน คุณสามารถมีกิจกรรมร่วมกับเว็บไซต์ได้ แต่ต้องล็อกอินก่อน :: |
|
| สถานะ | |||||||||
| 1. | หนังสือ | 495.918 น-ภ 2004 Barcode: 055705 | ►หนังสือทั่วไป | On Shelf ขอยืม | |||||
| 2. | หนังสือ | 495.918 น-ภ 2004 Barcode: 055706 | ►หนังสือทั่วไป | On Shelf ขอยืม | |||||
| 3. | หนังสือ | 495.918 น-ภ 2004 Barcode: 055707 | ►หนังสือทั่วไป | On Shelf ขอยืม | |||||
| 4. | หนังสือ | 495.918 น-ภ 2004 Barcode: 055708 | ►หนังสือทั่วไป | On Shelf ขอยืม | |||||
| 5. | หนังสือ | 495.918 น-ภ 2004 Barcode: 055709 | ►หนังสือทั่วไป | On Shelf ขอยืม | |||||
| 6. | หนังสือ | 495.918 น-ภ 2004 Barcode: 055710 | ►หนังสือทั่วไป | On Shelf ขอยืม | |||||
| 7. | หนังสือ | 495.918 น-ภ 2004 Barcode: 055711 | ►หนังสือทั่วไป | On Shelf ขอยืม | |||||
| 8. | หนังสือ | 495.918 น-ภ 2004 Barcode: 055712 | ►หนังสือทั่วไป | On Shelf ขอยืม | |||||
| 9. | หนังสือ | 495.918 น-ภ 2004 Barcode: 055713 | ►หนังสือทั่วไป | On Shelf ขอยืม | |||||
| 10. | หนังสือ | 495.918 น-ภ 2004 Barcode: 055714 | ►หนังสือทั่วไป | On Shelf ขอยืม | |||||
| 11. | หนังสือ | 495.918 น-ภ 2004 Barcode: 055715 | ►หนังสือทั่วไป | On Shelf ขอยืม | |||||
| 12. | หนังสือ | 495.918 น-ภ 2004 Barcode: 055716 | ►หนังสือทั่วไป | On Shelf ขอยืม | |||||
| | |||||||||

BibComment |
| คอมเมนท์ทรัพยากรรายการนี้ |
|
|
ห้องสมุดโรงเรียนสามัคคีวิทยาคม
159 ถ.บรรพปราการ ต.เวียง อ.เมือง จ.เชียงราย 57000
โทร. 053-711018 โทรสาร 053-713003